000
00261nam a2200109Ia 4500
008
190802s9999 xx 000 0 und d
100
_a
Zaib Malih Abadi
245
0
_a
Akbar ky Nurteen
260
_a
Lahore
_b
Alhaq Publishers
_c
2002
300
_a
344:p
942
_c
BK
999
_c
2479
_d
2479